00442nam a22001577a 450000500170000001000160001702000250003303500140005803700130007208200060008510000280009124500480011926000380016727000560020530000230026120170512142820.0 aENG- 118122 a978817735660c100.00 aEN-101654 bDBAD/PUB aN aBrutus, Elizabeth Glory aAgatha's curse /cby Elizabeth Glory Brutus aChennaibPAVAI PUBLICATIONc2011 a142, Jani Jan Khan Road, Royapettah, Chennai-600014 a187p.c20cm. (pbk)